| 000 | 00434nam a2200169Ia 4500 | ||
|---|---|---|---|
| 999 |
_c136 _d136 |
||
| 003 | OSt | ||
| 005 | 20210902144028.0 | ||
| 008 | 190216s9999||||xx |||||||||||||| ||und|| | ||
| 040 | _coclc | ||
| 082 |
_a297 _bRAB/H |
||
| 100 |
_aRabbani, Imam _98760 |
||
| 245 | 0 |
_aHisbathul Naubuvath / _cImam Rabbani |
|
| 260 | _bHuseyan Isik, | ||
| 300 | _a138p | ||
| 650 | _aArabic | ||
| 942 |
_cBK _2ddc _h297 _iRAB/H _k297 _mRAB/H |
||